Zajištěné inkaso Dlouhodobé platební podmínky

Forfaiting a jeho charakteristika. Forfaitingová spoločnosť. Odkúpenie pohľadávok. Výhody forfaitingu. Postup pri príprave forfaitingových zmlúv - export, import.

Guardado en:
Detalles Bibliográficos
Formato: Capítulo de libro
Lenguaje:checo
Materias:
Etiquetas: Agregar Etiqueta
Sin Etiquetas, Sea el primero en etiquetar este registro!

MARC

LEADER 00000naa a2200000 4500
001 r015153
005 20221213082137.9
041 0 |a cze 
044 |a CZ 
245 1 0 |a Zajištěné inkaso  |b Dlouhodobé platební podmínky 
520 |a Forfaiting a jeho charakteristika. Forfaitingová spoločnosť. Odkúpenie pohľadávok. Výhody forfaitingu. Postup pri príprave forfaitingových zmlúv - export, import. 
610 2 0 |a forfaiting 
610 2 0 |a pohľadávky 
610 2 0 |a vývoz 
610 2 0 |a dovoz